000
00243nam a2200085Ia 4500
245
0
_a
Daniel Fox and the jester's legacy
100
_a
PETERSEN, Andy Johannesburg, 2009
_9
76174
942
_c
BK
008
210817s9999 xx 000 0 und d
999
_c
303244
_d
303242